[Event "FRA-ch blitz"]
[Site "Paris"]
[Date "2009.01.25"]
[Round "13"]
[White "Shchekachev, Andrei"]
[Black "Fressinet, Laurent"]
[Result "1-0"]
[WhiteElo "2514"]
[BlackElo "2675"]
[PlyCount "26"]
[EventDate "2009.01.25"]
[EventType "swiss (blitz)"]
[EventRounds "13"]
[EventCountry "FRA"]
[SourceTitle "EXT 2011"]
[Source "ChessBase"]
[SourceDate "2010.11.26"]
[SourceVersion "1"]
[SourceVersionDate "2010.11.26"]
[SourceQuality "1"]

1. Nf3 d5 2. d3 Nf6 3. Nbd2 c5 4. g3 Nc6 5. Bg2 g6 6. O-O Bg7 7. e4 O-O 8. Re1 b6 9. c3 e6 10. Qa4 Bb7 ({RR} 10... Bd7 11. Qc2 Rc8 12. Nf1 d4 13. e5 Nd5 14. c4 Ndb4 15. Qe2 Ne7 16. h4 b5 17. b3 bxc4 18. bxc4 Ba4 19. Rb1 Rb8 20. Bf4 Nc2 21. Rec1 Rxb1 22. Rxb1 Qc7 23. Rb2 Nb4 24. N1h2 Kh8 25. Ng4 {Bacrot,E (2718)-Barseghyan,H (2464) Chess.com INT 2018 1-0 (36)}) 11. Nf1 ({RR} 11. e5 Nd7 12. d4 cxd4 13. cxd4 f6 14. Bh3 fxe5 15. Bxe6+ Kh8 16. Bxd7 Qxd7 17. dxe5 Nxe5 18. Qxd7 Nxd7 19. Ng5 Rfe8 20. Ndf3 Rxe1+ 21. Nxe1 Re8 22. Nef3 Kg8 23. Be3 Bxb2 24. Rb1 Bf6 25. h4 Ne5 {Mujumdar,S (1992)-Pang,Q (2187) Philadelphia USA 2023 1-0 (66)}) 11... dxe4 12. dxe4 Nd7 $146 ({RR} 12... e5 13. Bg5 h6 14. Rad1 Qe8 15. Bxf6 Bxf6 16. Ne3 Bg7 17. Nc4 Rd8 18. Nd6 Qe7 19. Nxb7 Qxb7 20. Bf1 Nb8 21. Bc4 Bf6 22. Rd5 Rxd5 23. Bxd5 Qc7 24. Qc4 Kg7 25. a4 Be7 26. h4 h5 27. Rd1 {Michna,M (2379)-Rozic,V (2239) San Sebastian 2009 1-0 (86)}) ({RR} 12... Qe7 13. Ne3 Nd7 14. Nc4 Nde5 15. Nfxe5 Nxe5 16. Bf4 Nxc4 17. Qxc4 Rfd8 18. a4 Bc6 19. h4 Qb7 20. Red1 h6 21. Kh2 Rd7 22. a5 Rad8 23. Rxd7 Rxd7 24. Rc1 Bf8 25. axb6 axb6 26. Qe2 b5 27. b4 {Braeuer,F (1993)-Duenzel,J (2037) Oberhof 2010 ½-½ (57)}) 13. Bg5 Qc7 {...} 1-0

[Event "Moscow op-A"]
[Site "Moscow"]
[Date "2009.02.05"]
[Round "6"]
[White "Vaganian, Rafael A"]
[Black "Popov, Ivan1"]
[Result "1-0"]
[WhiteElo "2596"]
[BlackElo "2541"]
[PlyCount "69"]
[EventDate "2009.01.31"]
[EventType "swiss"]
[EventRounds "9"]
[EventCountry "RUS"]
[SourceTitle "CBM 128 Extra"]
[Source "ChessBase"]
[SourceDate "2009.03.05"]
[SourceVersion "2"]
[SourceVersionDate "2009.03.25"]
[SourceQuality "1"]

1. Nf3 d5 2. g3 Nf6 3. Bg2 b5 4. a4 b4 5. d3 ({RR} 5. O-O e6 6. d4 Be7 7. c4 bxc3 8. Nxc3 a5 9. Ne5 O-O 10. Bg5 Nfd7 11. Bxe7 Qxe7 12. Nf3 Na6 13. Rc1 Nb4 14. Qd2 Ba6 15. Rfd1 Rab8 16. Bf1 Qf6 17. Qf4 Rb7 18. Qxf6 gxf6 19. Nb5 c6 {Zygouris,H (2163)-Smeets,J (2552) Skopje MKD 2024 0-1 (33)}) 5... e6 6. Nbd2 Be7 7. O-O c5 $146 ({RR} 7... Bb7 8. Qe1 O-O 9. e4 c5 10. e5 Nfd7 11. d4 cxd4 12. Nxd4 Nc6 13. N2b3 Nc5 14. Nxc6 Bxc6 15. Qxb4 Rb8 16. Qg4 Nxb3 17. cxb3 Re8 18. Bh6 Bf8 19. Rfc1 Bd7 20. Be3 Qa5 21. Rc3 Rb4 22. Qd1 {Jahncke,G (2403)-Kutynec,V (2270) Katowice 2017 1-0}) 8. e4 Nc6 9. Re1 a5 10. b3 O-O 11. Bb2 Bb7 12. Ne5 Nd4 13. f4 Rc8 14. g4 Bd6 15. c3 bxc3 16. Bxc3 g5 17. Bxd4 cxd4 18. fxg5 Bxe5 19. gxf6 Bxf6 20. exd5 Bg5 21. d6 Bd5 22. Nc4 Bxc4 23. bxc4 Qxd6 24. Rb1 Bf4 25. Rb5 Bxh2+ 26. Kh1 Bf4 27. Qf3 e5 28. Qh3 h6 29. Reb1 Rb8 30. Be4 Rxb5 31. axb5 a4 32. g5 f5 33. gxf6 Qxf6 34. b6 a3 35. b7 1-0

[Event "Moscow op-A"]
[Site "Moscow"]
[Date "2009.02.07"]
[Round "8"]
[White "Jumabayev, Rinat"]
[Black "Sargissian, Gabriel"]
[Result "1-0"]
[WhiteElo "2520"]
[BlackElo "2678"]
[PlyCount "63"]
[EventDate "2009.01.31"]
[EventType "swiss"]
[EventRounds "9"]
[EventCountry "RUS"]
[SourceTitle "CBM 128 Extra"]
[Source "ChessBase"]
[SourceDate "2009.03.05"]
[SourceVersion "2"]
[SourceVersionDate "2009.03.25"]
[SourceQuality "1"]

1. d4 d5 2. Nf3 Nf6 3. c4 c6 4. e3 e6 5. b3 Nbd7 6. Bd3 Bd6 7. Bb2 b6 8. Ne5 Bb7 9. f4 O-O 10. O-O c5 11. Nc3 $146 ({RR} 11. cxd5 Nxd5 12. Rf3 N7f6 13. Rh3 cxd4 14. Bxd4 Nb4 15. Bc4 Bc5 16. Nc3 Bxd4 17. exd4 Rc8 18. a3 Nbd5 19. Nxd5 Bxd5 20. Qd3 Qd6 21. Bxd5 exd5 22. Qf5 h6 23. g4 Qe6 24. Qxe6 fxe6 25. g5 Ne4 {Koetz,A (2017)-Bensch,P (2190) Bayerisch Eisenstein 2015 ½-½ (41)}) ({RR} 11. Nd2 cxd4 12. exd4 Ne4 13. cxd5 Nxd2 14. Qxd2 Bxd5 15. f5 Nxe5 16. dxe5 Bc5+ 17. Kh1 Be4 18. Rad1 exf5 19. Qe2 Qh4 20. Bxe4 Qxe4 21. Qh5 Rad8 22. Rde1 Qc2 23. Ba1 Rd2 24. Qg5 h6 25. Qg3 Bf2 {Li,Y (2130)-Yuan,Y (2159) Hangzhou 2018 0-1 (65)}) 11... cxd4 12. exd4 Bb4 13. Kh1 Rc8 14. Qe2 g6 15. a3 Bd6 16. Nb5 Bb8 17. a4 Re8 18. Nc3 dxc4 19. bxc4 Nh5 20. Be4 Qh4 21. Kg1 Nxe5 22. fxe5 Ba6 23. g3 Qd8 24. Nb5 Ng7 25. d5 exd5 26. Bxd5 Ne6 27. Rf6 Rc5 28. Rd1 Qc8 29. Rdf1 Rxd5 30. cxd5 Qc5+ 31. Qf2 Qxd5 32. Rxg6+ 1-0

[Event "Nancy-A"]
[Site "Nancy"]
[Date "2009.02.19"]
[Round "6"]
[White "Harikrishna, Pentala"]
[Black "Feller, Sebastien"]
[Result "1-0"]
[WhiteElo "2673"]
[BlackElo "2525"]
[PlyCount "69"]
[EventDate "2009.02.16"]
[EventType "tourn"]
[EventRounds "9"]
[EventCountry "FRA"]
[EventCategory "13"]
[SourceTitle "CBM 129"]
[Source "ChessBase"]
[SourceDate "2009.03.25"]
[SourceVersion "1"]
[SourceVersionDate "2009.03.25"]
[SourceQuality "1"]

1. Nf3 d5 2. g3 g6 3. Bg2 Bg7 4. O-O e5 5. d3 Ne7 6. Nbd2 O-O 7. e4 Nbc6 8. c3 a5 9. Re1 ({RR} 9. exd5 Nxd5 10. a4 h6 11. Re1 Be6 12. Nc4 f6 13. Qc2 Nde7 14. Be3 b6 15. Rad1 Qe8 16. Bc1 Qf7 17. b3 Bd5 18. Ba3 Rfd8 19. Qe2 g5 20. d4 e4 21. Nfd2 f5 22. f3 exf3 23. Nxf3 Ng6 {Gevorgyan,D (2141)-Feller,S (2513) Yerevan 2007 0-1 (57)}) 9... Re8 ({RR} 9... h6 10. exd5 Nxd5 11. Nc4 Re8 12. a4 Bf5 13. Nh4 Be6 14. Nf3 Bf5 15. h3 Nb6 16. Nxb6 cxb6 17. Be3 Bxd3 18. Bxb6 Qxb6 19. Qxd3 Qxb2 20. Rab1 e4 21. Rxe4 Qxc3 22. Rxe8+ Rxe8 23. Qxc3 Bxc3 24. Rxb7 {Kramnik,V (2783)-Anand,V (2797) Zuerich 2015 ½-½}) 10. Nf1 $146 ({RR} 10. exd5 Nxd5 11. a4 Rb8 12. Nc4 Bf5 13. Ng5 h6 14. Ne4 b6 15. Ned6 cxd6 16. Bxd5 Ne7 17. Bg2 Be6 18. f4 Qc7 19. Na3 Nf5 20. Qf3 h5 21. Nb5 Qd8 22. Qf2 Qd7 23. Bf3 Ne7 24. Be3 Nd5 {Watson,I-Rewitz,P (2310) Eupen 1994 0-1 (73)}) ({RR} 10. exd5 Nxd5 11. Nc4 h6 12. d4 exd4 13. Rxe8+ Qxe8 14. Nxd4 Nxd4 15. Bxd5 Ne2+ 16. Kg2 Bg4 17. Qd3 Nxc1 18. Rxc1 Be2 19. Qe3 Qxe3 20. Nxe3 c6 21. Bf3 Ba6 22. Rd1 Kf8 23. h4 h5 24. g4 hxg4 {Yungucu,A (2043)-Mohannad,F (2140) Ankara TUR 2023 0-1 (69)}) ({RR} 10. a4 h6 11. Qe2 Be6 12. Nf1 Qd7 {½-½ (12) Voelzke,F (2196)-Laqua,C (2139) Germany 2012}) 10... h6 11. Ne3 Be6 12. Bd2 Qd7 13. c4 dxe4 14. dxe4 f5 15. Bc3 Nd4 16. Nd5 fxe4 17. Nxe5 Bxe5 18. Rxe4 Nxd5 19. cxd5 Qxd5 20. Bxd4 Bg7 21. Qa4 b5 22. Qc2 Bxd4 23. Rf4 Qe5 24. Bxa8 Bf5 25. Qc6 Rd8 26. Qf3 Bxb2 27. Rd1 Rxd1+ 28. Qxd1 Kg7 29. Be4 Be6 30. Qd8 Qd6 31. Qe8 Bc4 32. Bd3 Bxa2 33. Qxb5 Be5 34. Ra4 Bf7 35. Bc4 1-0

[Event "SUI-chT"]
[Site "Switzerland"]
[Date "2009.09.06"]
[Round "7.2"]
[White "Hickl, Joerg"]
[Black "Charnushevich, Aliaksei"]
[Result "1-0"]
[WhiteElo "2613"]
[BlackElo "2526"]
[PlyCount "113"]
[EventDate "2009.02.22"]
[EventType "team-tourn"]
[EventRounds "9"]
[EventCountry "SUI"]
[SourceTitle "EXT 2011"]
[Source "ChessBase"]
[SourceDate "2010.11.26"]
[SourceVersion "1"]
[SourceVersionDate "2010.11.26"]
[SourceQuality "1"]
[WhiteTeam "Riehen"]
[BlackTeam "Joueur"]
[WhiteTeamCountry "SUI"]
[BlackTeamCountry "SUI"]

1. g3 d5 2. Bg2 Nf6 3. Nf3 c6 4. b3 Bg4 5. Bb2 Nbd7 6. d3 Bxf3 7. Bxf3 e5 ({RR} 7... e6 8. Nd2 Bd6 9. Bg2 Qe7 10. a3 O-O 11. O-O Be5 12. d4 Bc7 13. c4 Rad8 14. Qc2 Rfe8 15. Rfe1 Nf8 16. e3 e5 17. cxd5 Nxd5 18. e4 Nf6 19. Nf3 Ng6 20. h3 Nd7 21. Rad1 Bb6 22. Kh1 {David,A (2586)-Postny,E (2627) Nancy 2013 0-1 (45)}) 8. Nd2 ({RR} 8. O-O Bc5 9. e3 O-O 10. c4 d4 11. e4 a5 12. a3 b5 13. Nd2 Qb8 14. Bg2 Bd6 15. Qc2 Rd8 16. Bh3 h5 17. Bc1 Ng4 18. Rb1 Nc5 19. Nf3 Be7 20. Bd2 Ne6 21. b4 axb4 22. axb4 Qd6 {Hickl,J (2577)-Sermier,G (2427) Switzerland 2013 1-0 (40)}) 8... Bc5 ({RR} 8... Bd6 9. e4 O-O 10. O-O Re8 11. Bg2 a5 12. a4 Bc5 13. Qe2 dxe4 14. dxe4 Qc7 15. Nf3 b6 16. h3 g6 17. Rad1 Nh5 18. Kh2 Nf8 19. Rd3 f6 20. Rfd1 Qf7 21. Nd2 Rad8 22. Nc4 Rxd3 23. Rxd3 {Privitera,F (1934)-Wegerer,F (2117) St Veit AUT 2024 ½-½ (62)}) 9. a3 $146 ({RR} 9. e4 dxe4 10. dxe4 O-O 11. O-O b5 12. Qe2 Re8 13. Bg2 Bd4 14. c3 Bb6 15. b4 a5 16. a3 Qe7 17. Kh1 h5 18. Nf3 Ra7 19. Bh3 Nf8 20. Rac1 Ne6 21. Bg2 Bc7 22. bxa5 Nc5 23. c4 Rxa5 {Harutjunyan,G (2380)-Petrosian,T (2444) Yerevan 2003 0-1 (38)}) ({RR} 9. e4 d4 10. Bg2 Qe7 11. a3 a5 12. O-O h5 13. h4 Ng4 14. Nf3 f6 15. b4 Bd6 16. c3 dxc3 17. Bxc3 axb4 18. axb4 Rxa1 19. Qxa1 O-O 20. d4 Kh7 21. Rb1 Bc7 22. b5 c5 23. dxe5 Ngxe5 {Buhr,C (2245)-Bunzmann,D (2275) Halle 1996 ½-½ (41)}) 9... h5 10. b4 Bb6 11. c4 Qe7 12. Qc2 Qe6 13. Qb3 h4 14. e3 a5 15. g4 axb4 16. axb4 Rxa1+ 17. Bxa1 dxc4 18. Qxc4 Nd5 19. Ke2 O-O 20. b5 Ba5 21. bxc6 bxc6 22. Rc1 Bxd2 23. Kxd2 Nb8 24. Ke2 f6 25. h3 Kh8 26. Bb2 Rd8 27. Be4 Qd6 28. Ra1 Qe7 29. Bc1 Qb7 30. Bd2 Nd7 31. Rc1 Nb8 32. Bf5 Rd6 33. Ra1 Rd8 34. g5 fxg5 35. Qg4 Qe7 36. Qh5+ Kg8 37. Rg1 Nd7 38. Rxg5 N7f6 39. Qxh4 Rb8 40. Qc4 Kf8 41. Rg1 Qd6 42. Bg6 Rb2 43. Ra1 Nd7 44. Bf5 N7b6 45. Qc1 Qb4 46. Ke1 Qb5 47. Kf1 Ne7 48. Be4 Nbd5 49. Kg2 Nf6 50. Ra5 Qb3 51. Rxe5 Rc2 52. Qd1 Nxe4 53. Rxe4 Qxd3 54. Qf3+ Ke8 55. Qh5+ g6 56. Qxg6+ Kd8 57. Ba5+ 1-0

[Event "EU-ch 10th"]
[Site "Budva"]
[Date "2009.03.08"]
[Round "3"]
[White "Kozul, Zdenko"]
[Black "Ragger, Markus"]
[Result "1-0"]
[WhiteElo "2594"]
[BlackElo "2540"]
[PlyCount "105"]
[EventDate "2009.03.06"]
[EventType "swiss"]
[EventRounds "11"]
[EventCountry "MNE"]
[SourceTitle "CBM 130"]
[Source "ChessBase"]
[SourceDate "2009.05.20"]
[SourceVersion "1"]
[SourceVersionDate "2009.05.20"]
[SourceQuality "1"]

1. Nf3 Nf6 2. g3 d5 3. Bg2 c6 4. O-O Bg4 5. d3 Nbd7 6. Nbd2 e5 7. e4 dxe4 8. dxe4 Bc5 9. h3 Bh5 10. Qe1 O-O 11. Nb3 Bb6 12. a4 a5 13. Nfd2 Nc5 14. Nxc5 Bxc5 15. Nc4 Qc7 16. Bd2 b6 17. Kh1 Rfe8 18. f3 Nd7 $146 ({RR} 18... Bg6 19. b4 axb4 20. Bxb4 Qe7 21. c3 Ra6 22. Qd2 Bxb4 23. cxb4 Nh5 24. Kh2 Rd8 25. Qc3 Re8 26. Rfd1 h6 27. a5 bxa5 28. Rxa5 Rxa5 29. bxa5 Qc5 30. Rc1 Ra8 31. Qxe5 Qxe5 32. Nxe5 Rxa5 33. Nxc6 {Popovic,D (2539)-Kosic,D (2507) Cetinje 2016 1-0 (61)}) 19. b4 axb4 20. Bxb4 b5 21. Bxc5 Nxc5 22. axb5 cxb5 23. Ne3 Ne6 24. Qb4 Nd4 25. g4 Bg6 26. c3 Ne6 27. Nd5 Qc5 28. Qxc5 Nxc5 29. Rxa8 Rxa8 30. Rb1 h5 31. Bf1 Ne6 32. Rb2 Ra1 33. Kg2 Kh7 34. Bxb5 Kh6 35. Bd7 Nc5 36. Bf5 Bxf5 37. gxf5 Kg5 38. Kg3 Rc1 39. h4+ Kh6 40. Rb8 Kh7 41. Rf8 Nd3 42. Rxf7 Kh6 43. Rd7 Rg1+ 44. Kh2 Re1 45. Rd6+ Kh7 46. Rg6 Rf1 47. Rg5 Rxf3 48. Rxh5+ Kg8 49. Rg5 Kf7 50. Rg3 Rf2+ 51. Rg2 Rf3 52. h5 Nc5 53. f6 1-0

[Event "EU-ch 10th"]
[Site "Budva"]
[Date "2009.03.14"]
[Round "8"]
[White "Hera, Imre Jr"]
[Black "Caruana, Fabiano"]
[Result "1-0"]
[WhiteElo "2527"]
[BlackElo "2646"]
[PlyCount "115"]
[EventDate "2009.03.06"]
[EventType "swiss"]
[EventRounds "11"]
[EventCountry "MNE"]
[SourceTitle "CBM 130"]
[Source "ChessBase"]
[SourceDate "2009.05.20"]
[SourceVersion "1"]
[SourceVersionDate "2009.05.20"]
[SourceQuality "1"]

1. Nf3 d5 2. g3 c6 3. Bg2 Bg4 4. b3 Nd7 5. Bb2 Ngf6 6. O-O e6 7. d3 Bd6 8. h3 ({RR} 8. e4 O-O 9. h3 Bxf3 10. Qxf3 Be5 11. d4 dxe4 12. Qe2 Bd6 13. Nd2 Re8 14. Nxe4 Nxe4 15. Bxe4 Qa5 16. a3 {½-½ (16) Miles,A (2630)-Karpov,A (2775) Biel 1996}) ({RR} 8. Nbd2 e5 9. e4 d4 10. h3 Bh5 11. Qe1 O-O 12. Nh4 Ne8 13. f4 f6 14. Bf3 Bf7 15. f5 c5 16. Qe2 g6 17. fxg6 hxg6 18. Bg4 Kg7 19. Rf2 b5 20. Raf1 Be7 21. Bc1 Nd6 22. Kg2 a5 {Sidorczuk,P (2096)-Wadelek,K (1974) Warsaw POL 2024 1-0 (47)}) 8... Bxf3 9. Bxf3 h5 $146 ({RR} 9... O-O 10. c4 dxc4 11. dxc4 Qe7 12. Qc2 e5 13. Bg2 Rad8 14. a3 Rfe8 15. b4 e4 16. c5 Bb8 17. Nc3 h5 18. h4 e3 19. f4 Nf8 20. Rad1 Rxd1 21. Rxd1 Bxf4 22. gxf4 Ng4 23. Ne4 Qxh4 24. f5 {Burmakin,V (2590)-Svane,R (2367) Helsingor 2012 0-1 (48)}) ({RR} 9... O-O 10. Bg2 Qe7 11. e4 dxe4 12. dxe4 e5 13. Qe2 Ne8 14. a4 Nc7 15. Nd2 Bc5 16. Nc4 f6 17. h4 Rfd8 18. Bh3 Ne6 19. c3 a5 20. Kg2 Ndf8 21. h5 Qc7 22. Ne3 Qb6 23. Qc4 Bxe3 24. Bxe6+ {Hoffmann,M (2485)-Brenke,A (2280) Lippstadt 1995 ½-½}) 10. Bg2 h4 11. g4 Ne5 12. e3 Bc7 13. Nd2 Ng6 14. f4 e5 15. f5 Nf8 16. c4 Qd6 17. cxd5 Nxd5 18. Nc4 Qe7 19. d4 Nd7 20. Rc1 N7b6 21. Bxd5 cxd5 22. Nxe5 Bd6 23. Qf3 Qf6 24. a4 a5 25. Rc2 O-O 26. Rg2 Qg5 27. Bc1 Rac8 28. Bd2 Bb4 29. Qd1 Rfe8 30. f6 g6 31. Bc1 Rxe5 32. dxe5 Qxe5 33. Qd4 Qe6 34. Bd2 Bc5 35. Qf4 Nd7 36. Qh6 Nxf6 37. Rgf2 Ne4 38. Rxf7 Qxf7 39. Rxf7 Kxf7 40. Qh7+ Kf6 41. Qxb7 Rd8 42. Qc7 Rd6 43. Bc3+ d4 44. Bxd4+ Bxd4 45. exd4 Rxd4 46. Qxa5 Rd1+ 47. Kg2 Rb1 48. Qd5 Rb2+ 49. Kf3 Ng5+ 50. Ke3 Ne6 51. g5+ Ke7 52. a5 Rh2 53. Qb7+ Kd6 54. Qb8+ Nc7 55. Qb4+ Kc6 56. Qxh4 Nd5+ 57. Kf3 Rb2 58. Qa4+ 1-0

[Event "EU-ch 10th"]
[Site "Budva"]
[Date "2009.03.14"]
[Round "8"]
[White "Malakhov, Vladimir"]
[Black "Lysyj, Igor"]
[Result "1-0"]
[WhiteElo "2692"]
[BlackElo "2620"]
[PlyCount "117"]
[EventDate "2009.03.06"]
[EventType "swiss"]
[EventRounds "11"]
[EventCountry "MNE"]
[SourceTitle "CBM 130"]
[Source "ChessBase"]
[SourceDate "2009.05.20"]
[SourceVersion "1"]
[SourceVersionDate "2009.05.20"]
[SourceQuality "1"]

1. Nf3 Nf6 2. g3 d5 3. Bg2 c6 4. O-O Bg4 5. d3 e6 6. Nbd2 Nbd7 7. h3 Bh5 8. e4 dxe4 9. dxe4 e5 10. Qe1 Be7 $146 ({RR} 10... Qc7 11. a4 Be7 12. Nh4 Bg6 13. Qe2 O-O 14. Nxg6 hxg6 15. h4 Rfd8 16. Bh3 Nc5 17. Re1 Rd4 18. a5 Re8 19. f3 b5 20. axb6 axb6 21. Nf1 Ra4 22. Rxa4 Nxa4 23. Kg2 b5 24. Rd1 Rd8 25. b3 {Lazic,M (2459)-Brunello,M (2221) Milan 2011 1-0 (46)}) ({RR} 10... Bc5 11. Nc4 Qc7 12. a4 a5 13. Bd2 b6 14. Bc3 Bxf3 15. Bxf3 O-O 16. Bg2 Rfe8 17. Kh1 Nh5 18. Qe2 g6 19. Rad1 Rad8 20. Rd2 Bb4 21. Bxb4 axb4 22. Rfd1 Nc5 23. Rxd8 Rxd8 24. Rxd8+ Qxd8 25. Nxe5 {Aravindh,C (2718)-Postny,E (2572) chess.com INT 2024 1-0 (75)}) ({RR} 10... b5 11. Nh4 Bc5 12. Kh1 O-O 13. f4 exf4 14. gxf4 Re8 15. e5 Nd5 16. Ne4 Bf8 17. Nf5 Bg6 18. Nfd6 Bxe4 19. Nxe4 f6 20. Nc3 Bb4 21. Bd2 Bxc3 22. Bxc3 fxe5 23. fxe5 Nxc3 24. Qxc3 Nxe5 25. a4 {Lutsko,I (2425)-Lavretzkij,R (2362) Lithuania 2003 0-1 (50)}) 11. Nh4 O-O 12. Nf5 Bc5 13. Nc4 a5 14. a4 Bg6 15. Bd2 b6 16. Bc3 Qc7 17. Nh4 Rfe8 18. Nxg6 hxg6 19. Bd2 Bf8 20. Qe2 Nc5 21. Rfd1 Ne6 22. Bc3 Nc5 23. h4 Nb7 24. b3 b5 25. Ne3 bxa4 26. bxa4 Bc5 27. Nc4 Nd6 28. Nxd6 Bxd6 29. Qc4 Bf8 30. Bh3 Rab8 31. Rab1 Red8 32. Bf1 Rxb1 33. Rxb1 Qa7 34. Kg2 Bc5 35. f3 Bg1 36. Qe2 Bd4 37. Be1 Ne8 38. Qa6 Qxa6 39. Bxa6 Nd6 40. Be2 Ra8 41. c3 Ba7 42. Bf2 f5 43. Rd1 Bxf2 44. Rxd6 Be1 45. Bc4+ Kf8 46. Rd7 Rb8 47. Rf7+ Ke8 48. Rxg7 Rb2+ 49. Kh3 f4 50. gxf4 Rf2 51. f5 Rxf3+ 52. Kg2 Rg3+ 53. Kh2 Rxc3 54. Be6 Bg3+ 55. Kg2 Bxh4 56. fxg6 Rg3+ 57. Kh2 Re3 58. Rh7 Bf6 59. Rf7 1-0

[Event "EU-ch 10th"]
[Site "Budva"]
[Date "2009.03.15"]
[Round "9"]
[White "Kozul, Zdenko"]
[Black "Szabo, Krisztian"]
[Result "1-0"]
[WhiteElo "2594"]
[BlackElo "2508"]
[PlyCount "113"]
[EventDate "2009.03.06"]
[EventType "swiss"]
[EventRounds "11"]
[EventCountry "MNE"]
[SourceTitle "CBM 130"]
[Source "ChessBase"]
[SourceDate "2009.05.20"]
[SourceVersion "1"]
[SourceVersionDate "2009.05.20"]
[SourceQuality "1"]

1. Nf3 d5 2. g3 Nf6 3. Bg2 c6 4. O-O Bg4 5. d3 Nbd7 6. Nbd2 e5 7. e4 Bd6 8. h3 Bh5 9. exd5 cxd5 10. g4 Bg6 11. Nh4 O-O 12. Nxg6 ({RR} 12. Nb3 Nb6 13. Nxg6 hxg6 14. a4 Bc7 15. a5 Nc8 16. Nc5 Rb8 17. a6 b6 18. Nb7 Qd7 19. c4 Ne7 20. Qa4 Qe6 21. g5 Ne8 22. cxd5 Nxd5 23. Re1 Ne7 24. d4 f6 25. dxe5 fxe5 26. Bf1 b5 {Kozul,Z (2602)-Kurmann,O (2432) Rijeka 2010 1-0 (31)}) 12... hxg6 13. Nb3 $146 ({RR} 13. Nf3 Rc8 14. Nh4 Nb6 15. a4 a5 16. Bd2 Ra8 17. Be3 d4 18. Bg5 Qd7 19. Bxf6 gxf6 20. Qd2 Kg7 21. Be4 Rh8 22. Nf5+ gxf5 23. Bxf5 Qe7 24. Kg2 Nd5 25. Rh1 Nf4+ 26. Kg3 Rh6 27. h4 Rah8 {Haziev,A-Bakhtiyarova,A Ufa 2004 0-1 (32)}) ({RR} 13. c4 Nc5 14. Nb3 dxc4 15. dxc4 Qc7 16. Be3 Rad8 17. Qc2 b6 18. Rad1 Ne6 19. a3 Be7 20. Rxd8 Rxd8 21. Rc1 a5 22. Re1 g5 23. Nd2 g6 24. Nf3 Nd7 25. Rd1 Nf4 26. Bxf4 gxf4 27. Rd5 Bd6 {Kryakvin,D (2548)-Jakovenko,D (2745) Khanty-Mansiysk 2014 ½-½ (43)}) 13... Qe7 14. g5 Nh7 15. Qg4 Rac8 16. Bxd5 Rxc2 17. h4 Nb6 18. Bg2 f5 19. Qd1 Rfc8 20. Re1 Qf7 21. Nd2 Bc5 22. Rxe5 Qc7 23. Re2 Bxf2+ 24. Kxf2 Qc5+ 25. Kf1 Rxc1 26. Rxc1 Qxc1 27. Qxc1 Rxc1+ 28. Kf2 Rc2 29. Nb3 Rc7 30. d4 Nf8 31. Nc5 Kf7 32. b3 Re7 33. Bxb7 Rxe2+ 34. Kxe2 Ne6 35. Nxe6 Kxe6 36. Kd3 Kd6 37. b4 Kc7 38. Bf3 Kd6 39. h5 Ke6 40. Bd1 Nc8 41. a4 Nd6 42. Bb3+ Ke7 43. Ke3 Nb7 44. Bd5 Nd6 45. Kf4 Kd7 46. Ke5 Ke7 47. Be6 Nb7 48. Bc4 Nd6 49. Be2 Nb7 50. Bf3 Nd6 51. Kd5 Nb7 52. Kc4 Nd6+ 53. Kc5 Ne4+ 54. Bxe4 fxe4 55. Kc4 Kd6 56. Kc3 Kd5 57. a5 1-0

[Event "Dos Hermanas Internet qual-A 10th"]
[Site "ICC INT"]
[Date "2009.03.13"]
[Round "5"]
[White "Rahman, Ziaur"]
[Black "Vasquez Schroder, Rodrigo Rafael"]
[Result "1-0"]
[WhiteElo "2509"]
[BlackElo "2507"]
[PlyCount "91"]
[EventDate "2009.03.13"]
[EventType "swiss (blitz)"]
[EventRounds "12"]
[EventCountry "ESP"]
[SourceTitle "CBM 129 Extra"]
[Source "ChessBase"]
[SourceDate "2009.05.05"]
[SourceVersion "2"]
[SourceVersionDate "2009.05.20"]
[SourceQuality "1"]

1. e4 e6 2. d3 d5 3. Nd2 c5 4. Ngf3 Nc6 5. g3 g6 6. Bg2 Bg7 7. h4 h6 8. O-O Nge7 9. Re1 b6 10. c3 Ba6 11. Qa4 ({RR} 11. exd5 exd5 12. Qa4 Bb7 13. d4 O-O 14. dxc5 bxc5 15. Nb3 Qb6 16. Be3 d4 17. cxd4 Qb4 18. Nxc5 Qxa4 19. Nxa4 Rab8 20. Nc5 Ba8 21. Nd7 Nf5 22. Nfe5 Nxe5 23. dxe5 Bxg2 24. Kxg2 Rxb2 25. Nxf8 Bxf8 {Gelfand,B (2675)-Topalov,V (2740) Wijk aan Zee 1998 1-0}) ({RR} 11. Qc2 Rc8 12. a4 d4 13. c4 Nb4 14. Qb1 Bb7 15. b3 O-O 16. e5 Nf5 17. Ba3 a6 18. Bxb4 cxb4 19. Ne4 Bxe4 20. Rxe4 b5 21. axb5 axb5 22. cxb5 Qb6 23. g4 Ne7 24. Nxd4 Nd5 25. Ra6 Qb8 {Yurtseven,M (2337)-Kappeler,K (2113) chess.com INT 2024 1-0 (43)}) 11... Qc8 12. exd5 exd5 13. d4 $146 ({RR} 13. c4 O-O 14. a3 Rb8 15. Qb3 b5 16. cxd5 c4 17. dxc4 bxc4 18. Qc2 Nxd5 19. Rb1 Rd8 20. Bf1 Na5 21. Ne4 Qf5 22. Qa4 Nb6 23. Qb4 Nc6 24. Qc5 Qxf3 {0-1 (24) Scharrer,P (2220)-Salvador,R (2456) Arco 2007}) 13... O-O 14. dxc5 bxc5 15. Nb3 Bd3 16. Nxc5 Bf5 17. Bf4 Rd8 18. Rad1 a5 19. Nd4 Nxd4 20. cxd4 Nc6 21. Be3 Rb8 22. Rc1 Rb4 23. Qa3 Bxd4 24. Bxd4 Rxd4 25. Qe3 h5 26. Nb3 Rc4 27. Rxc4 dxc4 28. Nc5 Nd4 29. Qe5 Nc2 30. Rc1 Re8 31. Qd5 Ne1 32. Ne4 Bxe4 33. Bxe4 Qg4 34. Rxe1 Kg7 35. Qd4+ f6 36. Qxc4 f5 37. Qc3+ Kh6 38. Qd2+ Kg7 39. Bg2 Rxe1+ 40. Qxe1 Qa4 41. Qc3+ Kh6 42. Qe3+ Kh7 43. Qe7+ Kh6 44. Qf8+ Kh7 45. Bf3 Qd1+ 46. Bxd1 1-0

[Event "Dos Hermanas Internet qual-A 10th"]
[Site "ICC INT"]
[Date "2009.03.13"]
[Round "12"]
[White "Vovk, Yuri"]
[Black "Vasquez Schroder, Rodrigo Rafael"]
[Result "1-0"]
[WhiteElo "2545"]
[BlackElo "2507"]
[PlyCount "79"]
[EventDate "2009.03.13"]
[EventType "swiss (blitz)"]
[EventRounds "12"]
[EventCountry "ESP"]
[SourceTitle "CBM 129 Extra"]
[Source "ChessBase"]
[SourceDate "2009.05.05"]
[SourceVersion "2"]
[SourceVersionDate "2009.05.20"]
[SourceQuality "1"]

1. e4 e6 2. d3 d5 3. Nd2 c5 4. g3 Nc6 5. Bg2 g6 6. Ngf3 Bg7 7. O-O Nge7 8. Qe2 h6 ({RR} 8... O-O 9. a4 b6 10. Re1 Nb4 11. Nf1 dxe4 12. Qxe4 Nxc2 13. Qxa8 Nxa1 14. Qxa7 Nc6 15. Qa8 Qd7 16. Bf4 Nc2 17. Rc1 N2b4 18. d4 Bb7 19. Qxf8+ Bxf8 20. dxc5 Bxc5 {0-1 (20) Klabis,R (2410)-Aravindh,C (2662) chess.com INT 2024}) ({RR} 8... O-O 9. exd5 exd5 10. c4 Re8 11. Re1 Bg4 12. Qf1 Nf5 13. a3 Ncd4 14. Nxd4 Nxd4 15. Rxe8+ Qxe8 16. h3 Be2 {0-1 (16) Winkels,M (1901)-Belli,G (2111) chess.com INT 2024}) 9. c3 ({RR} 9. Re1 b6 10. Nf1 Ba6 11. a4 dxe4 12. Qxe4 O-O 13. Qh4 Nf5 14. Qh3 Ncd4 15. Nxd4 Nxd4 16. Ne3 Rc8 17. a5 b5 18. Bd2 Nxc2 19. Nxc2 Qxd3 20. Bxh6 Qxc2 21. Be4 Qxb2 22. Bxg6 Bxh6 23. Qxh6 Qg7 {Nikolovski,N (2454)-Vasquez Schroder,R (2456) Chess.com INT 2021 0-1 (42)}) 9... Qc7 $146 ({RR} 9... a5) 10. a3 O-O 11. Rb1 Rb8 12. h4 e5 13. b4 cxb4 14. axb4 b5 15. Nb3 Bg4 16. Nc5 Rbd8 17. Qa2 Kh7 18. Nh2 Be6 19. h5 g5 20. Nxe6 fxe6 21. Ng4 Qd6 22. Be3 d4 23. cxd4 exd4 24. Bd2 Rb8 25. Rfc1 Rb6 26. Rc5 Rfb8 27. e5 Qd7 28. Nf6+ Bxf6 29. exf6 Nf5 30. Re1 Re8 31. Bh3 Kh8 32. Bxf5 exf5 33. Rxe8+ Qxe8 34. Rxf5 Rb8 35. f7 Qe7 36. Qd5 Rc8 37. f8=Q+ Rxf8 38. Rxf8+ Qxf8 39. Qxc6 Qf5 40. Qxh6+ 1-0